NCAAM Basketball Logo Quiz: Big Ten - Statistics

General Stats
  • This quiz has been taken 484 times
    214 since last reset
  • The average score is 17 of 18
Answer Stats
Picture Answer % Correct
Illinois
97%
Michigan
97%
Ohio St.
96%
Michigan St.
95%
Nebraska
95%
Oregon
95%
Purdue
95%
Maryland
94%
USC
94%
Indiana
93%
Iowa
93%
Rutgers
92%
Minnesota
91%
Northwestern
91%
Penn St.
91%
UCLA
91%
Washington
91%
Wisconsin
91%
No matching quizzes found
Score Distribution
Percent of People with Each Score
Percentile by Number Answered
Your Score History
You have not taken this quiz since the last reset